| 000 | 00593cab a2200205 4500 | ||
|---|---|---|---|
| 001 | WB2613-45 | ||
| 008 | 090401t1990 xxu||||| |||| 00| 0 eng d | ||
| 035 | _a(Sirsi) u22953 | ||
| 041 | _aeng | ||
| 245 | _aNew roads | ||
| 260 | _c1990 | ||
| 350 | _a0 | ||
| 490 |
_aSunday Times _v25/3/90 pE11(2) |
||
| 520 | _aNew roads can increase or decrease property values even before they are built: a round-up of planned schemes throughout England is included here. | ||
| 650 | _aBLIGHT | ||
| 650 | _aMOTORWAYS | ||
| 690 | _aTRANSPORT AND COMMUNICATIONS | ||
| 942 | _n0 | ||
| 948 | _c04/03/1997 | ||
| 999 |
_c15390 _d15390 |
||